000 00751 a2200205 4500
999 _c4583
_d4583
020 _a1779003366
050 0 0 _aPR9390 ZHU 2001
100 1 _aZhuwarara, Rino.
_eauthor
245 1 3 _aAn introduction to Zimbabwean literature in English /
_cRino Zhuwarara.
264 _aHarare :
_bCollege Press,
_c2001
300 _a323 p. ;
500 _aIncludes bibliographical references (p. 309-315) and index.
504 _aIncludes bibliographical references (p. 309-315) and index.
650 0 _aZimbabwean literature (English)
_xHistory and criticism.
650 0 _aZimbabwe
_xIntellectual life
650 0 _aZimbabwe
_xIn literature
651 0 _aZimbabwe
942 _2lcc
_cBK
_h9390
_iZHU
_kPR